Rodinná politika a plodnost v Evropě: pronatalitní politika v souvislosti s politikou genderovou, politikou zaměstnanosti a opatřeními týkajícími se péče o děti
Hľadanie odpovede na otázku, či existujú súvislosti medzi rodinnou politikou, úrovňou pôrodnosti a zamestnanosti žien. Rodinná politika ako súčasť politiky sociálneho štátu. Rodičovská dovolenka v krajinách západnej a východnej Európy - dĺžka trvania, výška príspevku, max. vek dieťaťa. Regulácia zam...
Gespeichert in:
| 1. Verfasser: | |
|---|---|
| Format: | Buchkapitel |
| Sprache: | Tschechisch |
| Schlagworte: | |
| Tags: |
Keine Tags, Fügen Sie das erste Tag hinzu!
|
MARC
| LEADER | 00000naa$a2200000$$$4500 | ||
|---|---|---|---|
| 001 | 0109809 | ||
| 005 | 20220715114532.7 | ||
| 041 | 0 | |a cze | |
| 044 | |a CZ | ||
| 245 | 1 | 0 | |a Rodinná politika a plodnost v Evropě: pronatalitní politika v souvislosti s politikou genderovou, politikou zaměstnanosti a opatřeními týkajícími se péče o děti |c Gerda Neyer |
| 520 | |a Hľadanie odpovede na otázku, či existujú súvislosti medzi rodinnou politikou, úrovňou pôrodnosti a zamestnanosti žien. Rodinná politika ako súčasť politiky sociálneho štátu. Rodičovská dovolenka v krajinách západnej a východnej Európy - dĺžka trvania, výška príspevku, max. vek dieťaťa. Regulácia zamestnanosti a starostlivosť o reprodukciu. Rodinná politika - liek na nízku pôrodnosť. | ||
| 610 | 2 | 0 | |a politika rodinná |
| 610 | 2 | 0 | |a deti |
| 610 | 2 | 0 | |a rodina |
| 610 | 2 | 0 | |a pôrodnosť |
| 610 | 2 | 0 | |a dovolenka materská |
| 610 | 2 | 0 | |a príspevok rodičovský |
| 610 | 2 | 0 | |a zamestnanosť |
| 610 | 2 | 0 | |a reprodukcia obyvateľstva |
| 610 | 2 | 0 | |a demografia |
| 610 | 2 | 0 | |a Európa |
| 100 | 1 | |a Neyer, Gerda | |